Učitavanje...
فقر اللغة و خصائص العربية
| Glavni autori: | , |
|---|---|
| Format: | Printed Book |
| Izdano: |
Beirut:
Darul Fiqr;
2000.
|
| Teme: |
| LEADER | 00609nam a22001697a 4500 | ||
|---|---|---|---|
| 082 | |a 492.781 |b MUB/F | ||
| 100 | |a محمد مبارك | ||
| 100 | |a Mubarak, Muhammed | ||
| 245 | |a فقر اللغة و خصائص العربية |c Fiqru Llughathu Va Khasaisul Arabiya | ||
| 260 | |b Darul Fiqr; |c 2000. |a Beirut: | ||
| 300 | |a 348p. | ||
| 500 | |a includes index | ||
| 650 | |a Arabic Linguistic Studies | ||
| 650 | |a دراسات لغوية عربية | ||
| 942 | |c BK | ||
| 999 | |c 300102 |d 300102 | ||
| 952 | |0 0 |1 0 |4 0 |6 492_781000000000000_MUB_F |7 0 |9 320414 |a ARA |b ARA |d 2020-09-28 |l 0 |o 492.781 MUB/F |p ARA213 |r 2020-09-28 |w 2020-09-28 |y BK | ||